| 000 | 00698nam a22002057a 4500 | ||
|---|---|---|---|
| 005 | 20251108164156.0 | ||
| 008 | 250721s1995 xx 000 0 ara d | ||
| 082 | 1 | 4 | _a211.3/حسن |
| 100 | 1 | _aإبن حسن، أبو أحمد عبد الله بن الحسين السامري | |
| 245 | 1 | 0 | _aكتاب اللغات في القرآن / |
| 264 | 1 |
_aالقاهرة : _bمكتبة وهبة، _c1995. |
|
| 300 | _a72ص. | ||
| 490 | 0 | _aمن روائع مخطوطاتنا | |
| 650 | 1 | 7 | _aالقرآن الكريم |
| 650 | 1 | 7 | _aقراءات القرآن السبع |
| 650 | 1 | 7 | _aألفاظ القرآن |
| 700 | 1 |
_aشاهين، توفيق محمد _eتحقيق |
|
| 942 |
_2ddc _cBK |
||
| 999 |
_c5530 _d5530 |
||